000 00684cab a2200193 4500
001 ABS42962
008 090401t1990 xxu||||| |||| 00| 0 eng d
035 _a(Sirsi) u39730
041 _aeng
100 _aAllen, J.D.
245 _aTeamwork the key to management contracting
260 _c1990
350 _a0
490 _aConstruction News
_v(6107) 14 June 1990, 34-35(2)
520 _aInterview with John McKenna, head of Taylor Woodrow management contracting company, in which he rebuts allegations of high-cost contracting through the management route and affirms his confidence in its future.
690 _aProject management
_96261
942 _n0
948 _c04/03/1997
999 _c25442
_d25442